Die deutsche Bibelübersetzung des Mittelalters /
Basic work on German Bible- and Psalter translations during the Middle Ages. Examines several hundred manuscripts and early printed editions and identifies over seventy active Bible translators. Includes excerpts of each translation as well.
المؤلف الرئيسي:
التنسيق: كتاب الكتروني
اللغة:
English
German
منشور في:
Leiden ; Boston :
Brill,
1966.
سلاسل:
European History and Culture - Book Archive pre-2000
الموضوعات:
الوصول للمادة أونلاين: Login to view Source
الوسوم: إضافة وسم
رقم الطلب: D410
| LEADER | 03813nam a22003858i 4500 | ||
|---|---|---|---|
| 001 | BRILL9789004609600 | ||
| 003 | nllekb | ||
| 005 | 20241030071644.0 | ||
| 006 | m d | ||
| 007 | cr un uuuua | ||
| 008 | 240918s1966 gw sb 001 0 eng d | ||
| 020 | |a 9789004609600 |q (electronic book) | ||
| 020 | |z 9789060041918 |q (print) | ||
| 024 | 7 | |a 10.1163/9789004609600 |2 DOI | |
| 035 | |a (OCoLC)1455619559 | ||
| 040 | |a NL-LeKB |c NL-LeKB |e rda | ||
| 041 | |a ger | ||
| 050 | 4 | |a D410 | |
| 072 | 7 | |a HB |2 bicssc | |
| 072 | 7 | |a HIS |x 000000 |2 bisacsh | |
| 082 | 0 | 4 | |a 910.82 |2 23 |
| 100 | 1 | |a Walther, Wilhelm, |e author. | |
| 245 | 1 | 0 | |a Die deutsche Bibelübersetzung des Mittelalters / |c Wilhelm Walther. |
| 264 | 1 | |a Leiden ; |a Boston : |b Brill, |c 1966. | |
| 300 | |a 1 online resource (776 pages) : |b illustrations. | ||
| 490 | 1 | |a European History and Culture - Book Archive pre-2000 | |
| 505 | 0 | |t Front Matter -- Etnleitung. (Bisherige forschungen. Aufgabe) / |r Wilh. Walther. -- I. Druckwerke / |r Wilh. Walther. -- II. Handschriften / |r Wilh. Walther. -- Proben aus dem 1.-14. Zweige / |r Wilh. Walther. -- 2. Zweig. / |r Wilh. Walther. -- 3. Zweig. / |r Wilh. Walther. -- 4. Zweig. / |r Wilh. Walther. -- 5. Zweiges. / |r Wilh. Walther. -- 6. Zweige, / |r Wilh. Walther. -- 7.-9. Zweig. / |r Wilh. Walther. -- 10. Zweig. / |r Wilh. Walther. -- 11. Zweig. / |r Wilh. Walther. -- 12. Zweig. / |r Wilh. Walther. -- 13. Zweig. / |r Wilh. Walther. -- 14. Zweig. / |r Wilh. Walther. -- 15. Zweig. / |r Wilh. Walther. -- 16. Zweig. / |r Wilh. Walther. -- 17. Zweig. / |r Wilh. Walther. -- 18. Zweig. / |r Wilh. Walther. -- 19. Zweig. / |r Wilh. Walther. -- 20. Zweig. / |r Wilh. Walther. -- 21. Zweig. / |r Wilh. Walther. -- 22. Zweig. / |r Wilh. Walther. -- 23. Zweig. / |r Wilh. Walther. -- 24. Zweig. / |r Wilh. Walther. -- 25.-27. Zweig. / |r Wilh. Walther. -- 28. Zweig. / |r Wilh. Walther. -- 29. Zweig. / |r Wilh. Walther. -- 30. Zweig. / |r Wilh. Walther. -- 31.-34. Zweig. / |r Wilh. Walther. -- Psalterien. / |r Wilh. Walther. -- 1. Psalter. / |r Wilh. Walther. -- 2. Psalter. / |r Wilh. Walther. -- 3. u. 4. Psalter. / |r Wilh. Walther. -- 5. u. 6. Psalter. / |r Wilh. Walther. -- 7. Psalter. / |r Wilh. Walther. -- 8. Psalter. / |r Wilh. Walther. -- 9. Psalter / |r Wilh. Walther. -- 10. Psalter. / |r Wilh. Walther. -- 11.-24. Psalter. / |r Wilh. Walther. -- 35. Zweig. / |r Wilh. Walther. -- 36. Zweig. / |r Wilh. Walther. -- 37. Zweig. / |r Wilh. Walther. -- 38. Zweig. / |r Wilh. Walther. -- 39. Zweig. / |r Wilh. Walther. -- 40. Zweig. / |r Wilh. Walther. -- 25. Psalter. / |r Wilh. Walther. -- 26. u. 27. Psalter. / |r Wilh. Walther. -- 28. Psalter. / |r Wilh. Walther. -- 29. u. 30. Psalter. / |r Wilh. Walther. -- 31. Psalter. / |r Wilh. Walther. -- 32. Psalter. / |r Wilh. Walther. -- Resultate. / |r Wilh. Walther. -- 1. Verbrestung der deutschen Bibel im Mittelalter. / |r Wilh. Walther. -- 2. Entstehungszeit der Üebersetzungen und Kopien. / |r Wilh. Walther. -- 3. Ucheber und Tendenz der Übersetzungen. / |r Wilh. Walther. -- 5. Kopisten und Drucker der Übersetzungen. / |r Wilh. Walther. -- 6. Die Leser der Übersetzungen. / |r Wilh. Walther. -- 7. Die Beurteilung der deutschen Bibel im Mittelalter. / |r Wilh. Walther. -- 8. Charakter und Wert der Übersetzungen. / |r Wilh. Walther. -- Back Matter. | |
| 520 | |a Basic work on German Bible- and Psalter translations during the Middle Ages. Examines several hundred manuscripts and early printed editions and identifies over seventy active Bible translators. Includes excerpts of each translation as well. | ||
| 546 | |a German | ||
| 650 | 0 | |a History. | |
| 776 | 0 | 8 | |i Print version: |t Die deutsche Bibelübersetzung des Mittelalters. |d Leiden ; Boston : Brill, 1966. |z 9789060041918 |
| 830 | 0 | |a European History and Culture - Book Archive pre-2000 | |
| 856 | 4 | |z DOI: |u http://dx.doi.org/10.1163/9789004609600 | |
| 942 | |2 lcc |c EBOOK | ||
| 999 | |c 59349 |d 59349 | ||
